Odpowiedź zaczyna się na S - Statystyki

Ogólne statystyki
  • Ten quiz został rozwiązany 168 razy
  • Średni wynik to 10 z 15
Statystyki odpowiedzi
Opis Odpowiedź % Poprawnych
Instrument muzyczny z grupy instrumentów dętych, stworzony przez Adolpha Saxa. Saksofon
98%
Kraj w Europie Zachodniej, znany z bankowości, zegarków i pięknych Alp. Szwajcaria
91%
Starożytny grecki filozof, znany ze swojej metody dociekania prawdy przez dialog. Sokrates
90%
Mityczne stworzenie związane z Wawelem w Krakowie, znane w polskiej kulturze. Smok wawelski
81%
Deformacja kręgosłupa, która prowadzi do jego bocznego skrzywienia. Skolioza
77%
Przewlekła choroba psychiczna, charakteryzująca się zaburzeniami myślenia, emocji i zachowania. Schizofrenia
76%
Roślina kwiatowa z rodziny astrowatych, znana z kwiatuszków o białych płatkach i żółtym środku. Stokrotka
76%
Ptak padlinożerny, grający ważną rolę w ekosystemie poprzez oczyszczanie środowiska ze zwłok. Sęp
75%
Roślina oleista, uprawiana ze względu na jadalne nasiona i olej. Słonecznik
73%
Miasto w Kalifornii, słynne ze złotego mostu Golden Gate i kultury hippisowskiej. San Francisco
60%
Amerykański aktor i reżyser, twórca serii filmów "Rocky" i "Rambo". Sylvester Stallone
60%
Angielski dramatopisarz i poeta, uważany za jednego z najważniejszych pisarzy w historii literatury. Shakespeare
55%
Ogólnoustrojowe zakażenie krwi, które może być spowodowane różnymi rodzajami bakterii. Sepsa
49%
Brytyjski fizyk teoretyczny, znany z badań nad czarnymi dziurami i kosmologią - imię Stephen
33%
Cecha obiektu lub układu charakteryzująca się równowagą i podobieństwem części. Symetria
33%
Nie znaleziono quizów pasujących do podanych kryteriów
Rozkład punktacji
Procent ludzi z każdym wynikiem
Percentyl według liczby udzielonych odpowiedzi
Twoja historia wyników
Nie rozwiązałeś tego quizu